Interpret ako faktor spotrebiteľského správania v kultúre diplomová práca

Na minha lista:
Detalhes bibliográficos
Autor principal: Svatá, Ľuba
Autor Corporativo: Obchodná fakulta EU. Katedra marketingu
Outros Autores: Tajtáková, Mária
Formato: Livro
Idioma:eslovaco
Publicado em: Bratislava 2010
Tags: Adicionar Tag
Sem tags, seja o primeiro a adicionar uma tag!

MARC

LEADER 00000nam$a2200000$$$4500
001 0121961
005 20240318122328.5
041 0 |a slo 
044 |a SK 
245 1 0 |a Interpret ako faktor spotrebiteľského správania v kultúre  |b diplomová práca  |c Ľuba Svatá ; škol. Mária Tajtáková 
264 1 |a Bratislava  |c 2010 
300 |a 92 s. 
100 1 |a Svatá, Ľuba 
700 1 |a Tajtáková, Mária 
710 2 |a Obchodná fakulta EU. Katedra marketingu